000 00411nam a22001697a 4500
003 koha_MIRAKIL
005 20250618094420.0
008 231213b |||||||| |||| 00| 0 ||| d
040 _aTR-IsEVY
_btur
_cTR-IsEVY
082 _aR 413 RES
100 _aAKALIN, ŞÜKRÜ HALUK.
245 0 _aRESİMLİ OKUL SÖZLÜĞÜ.
260 _bTDK,
_c2008
300 _a1542.
650 _aTürk Dili.
942 _2ddc
_cBK
999 _c6831
_d6831